[Event "FIN-ch"]
[Site "Helsinki"]
[Date "1990.??.??"]
[Round "2"]
[White "Nokso Koivisto, Antti"]
[Black "Maki, Veijo"]
[Result "1/2-1/2"]
[WhiteElo "2380"]
[BlackElo "2415"]

1.e4 c5 2.Nf3 Nc6 3.d4 cxd4 4.Nxd4 Nf6 5.Nc3 d6 6.Bg5 e6 7.Qd2 a6 8.O-O-O Bd7
9.f4 h6 10.Bh4 g5 11.fxg5 Ng4 12.Nxc6 Bxc6 13.Be2 Ne5 14.Kb1 Be7 15.Bg3 hxg5
16.Rhf1 Qc7 17.Qe3 b5 18.a3 Qa7 19.Rd4 f6 20.Qd2 O-O-O 21.a4 d5 22.axb5 Nc4
23.Qd3 axb5 24.exd5 Bc5 25.Rxc4 bxc4 26.Qxc4 exd5 27.Bg4+ Kb7 28.Qb3+ Qb6
29.Qxb6+ Bxb6 30.Rxf6 Rhf8 31.Rg6 Rf1+ 32.Nd1 Be3 33.Rg7+ Ka8 34.Rc7 Bb5
35.Ka2 Bf4 36.Bxf4 Rxf4 37.h3 d4 38.Rg7 Rd5 39.b3 Re5 40.Rg8+ Ka7 41.Rg7+ Kb8
42.Rg8+ Ka7 43.Rg7+ Kb8 44.Rg8+  1/2-1/2

[Event "HUN-ch (Women)"]
[Site "?"]
[Date "1990.??.??"]
[Round "2"]
[White "Forgo, Eva"]
[Black "Zimmersmann, Rita"]
[Result "1-0"]
[WhiteElo "2220"]
[BlackElo "2185"]

1.e4 c5 2.Nf3 Nc6 3.d4 cxd4 4.Nxd4 Nf6 5.Nc3 d6 6.Bg5 e6 7.Bb5 Bd7 8.Bxc6 bxc6
9.Qf3 h6 10.Bh4 e5 11.Nf5 Bxf5 12.Qxf5 Be7 13.O-O Qb6 14.b3 Qb4 15.Bxf6 Bxf6
16.Ne2 O-O 17.Rfd1 Rfd8 18.Rd3 d5 19.Ng3 Qe7 20.Rad1 d4 21.Qh5 Bg5 22.h4 g6
23.Qg4 Bf4 24.Nh5 Qd6 25.g3 Bg5 26.hxg5 gxh5 27.Qxh5 Kg7 28.gxh6+ Qxh6 29.Qxe5+ f6
30.Qe7+ Kg6 31.e5 Rf8 32.Rxd4 Rf7  1-0

[Event "Katowice op"]
[Site "Katowice"]
[Date "1990.??.??"]
[Round "2"]
[White "Kislov, Mikhail"]
[Black "Kaim, Piotr"]
[Result "1-0"]
[WhiteElo "2425"]
[BlackElo "2225"]

1.e4 c5 2.Nf3 d6 3.d4 cxd4 4.Nxd4 Nf6 5.Nc3 Nc6 6.Bg5 e6 7.Qd2 Be7 8.O-O-O O-O
9.Nb3 a6 10.Bxf6 gxf6 11.f4 b5 12.f5 b4 13.Ne2 e5 14.Qh6 Kh8 15.Ng3 Rg8 16.Bc4 Qf8
17.Qh5 Rg7 18.Bd5 Bd7 19.Rd3 a5 20.Kb1 a4 21.Nc1 Ra5 22.Rhd1 b3 23.cxb3 Nb4
24.Rc3 axb3 25.Bxb3 Ba4 26.a3 Na6 27.Bxa4 Rxa4 28.Qe2 Qa8 29.Qc2 Nc5 30.b4 Rg8
31.bxc5 Rb8+ 32.Ka2 dxc5 33.Rd7 Bf8 34.Rxf7 c4 35.Rxf8+ Rxf8 36.Nf1 Rd8 37.Ne3 Rd4
38.Nd5 Ra6 39.Ne2 Qf8 40.Nc7 Qd6 41.Nb5 Qc5 42.Nbxd4 exd4 43.Nxd4 Qxd4 44.Rxc4 Qe3
45.Rc8+ Kg7 46.Qc7+  1-0

[Event "Balkaniad"]
[Site "Kavala"]
[Date "1990.??.??"]
[Round "2"]
[White "Spasov, Vasil"]
[Black "Kotronias, Vasilios"]
[Result "0-1"]
[WhiteElo "2495"]
[BlackElo "2510"]

1.e4 c5 2.Nf3 d6 3.d4 cxd4 4.Nxd4 Nf6 5.Nc3 Nc6 6.Bg5 e6 7.Qd2 Be7 8.O-O-O O-O
9.Nb3 a6 10.Bxf6 gxf6 11.Qh6 Kh8 12.f4 Rg8 13.Qh5 Rg7 14.Kb1 b5 15.Bd3 Bd7
16.g4 b4 17.Ne2 a5 18.h4 a4 19.Nd2 b3 20.a3 bxc2+ 21.Bxc2 Ra5 22.g5 Qb8 23.Nc4 Rc5
24.Bd3 f5 25.exf5 exf5 26.Nc1 Be6 27.Qe2 Qc7 28.h5 d5 29.Ne3 d4 30.Nc4 Qxf4
31.g6 Qg4 32.Qf1 fxg6 33.hxg6 Rxg6 34.Re1 Bg8 35.Rh2 Rg7 36.Rc2 Qg3 37.Nb6 Ne5
38.Rxc5 Bxc5 39.Nxa4 Bd6 40.Bxf5 Nf3 41.Rd1 Qf4 42.Qd3 Re7 43.Nb6 Re5 44.Bd7 Rc5
45.Nb3 Rc7 46.Nxd4 Nxd4 47.Qxd4+ Qxd4 48.Rxd4 Bc5 49.Na8 Ra7 50.Rd3 Rxa8
51.b4 Be7 52.Bc6 Ra6 53.Rc3 Bf6 54.b5 Bxc3 55.bxa6 Bd4 56.a4 Bc4 57.Bb5 Bxb5
58.axb5 h5 59.Kc2 h4 60.Kd3 h3 61.Kxd4 h2 62.Kc5 h1=Q 63.Kb6 Qa8 64.a7 Qc8  0-1

[Event "Balkaniad"]
[Site "Kavala"]
[Date "1990.??.??"]
[Round "5"]
[White "Ghinda, Mihail Viorel"]
[Black "Cabrilo, Goran"]
[Result "1/2-1/2"]
[WhiteElo "2465"]
[BlackElo "2485"]

1.e4 c5 2.Nf3 d6 3.d4 cxd4 4.Nxd4 Nf6 5.Nc3 Nc6 6.Bg5 e6 7.Qd2 h6 8.Bxf6 gxf6
9.O-O-O a6 10.f4 Bd7 11.f5 Qb6 12.fxe6 fxe6 13.Nce2 O-O-O 14.g3 h5 15.Kb1 Bh6
16.Qc3 Kb8 17.Bh3 Nxd4 18.Rxd4 Rc8 19.Qb3 Qc5 20.Rhd1 Bb5 21.Nc3 Bc4 22.Rxc4 Qxc4
23.Bxe6 Qxb3 24.axb3 Rce8 25.Bf7 Ref8  1/2-1/2

[Event "Kecskemet"]
[Site "Kecskemet"]
[Date "1990.??.??"]
[Round "11"]
[White "Barczay, Laszlo"]
[Black "Bilek, Istvan"]
[Result "1/2-1/2"]
[WhiteElo "2335"]
[BlackElo "2395"]

1.e4 c5 2.Nf3 d6 3.d4 cxd4 4.Nxd4 Nf6 5.Nc3 Nc6 6.Bg5 e6 7.Qd2 Be7 8.O-O-O O-O
9.Nb3 a6 10.Bxf6 gxf6 11.Bd3 b5  1/2-1/2

[Event "Kherson"]
[Site "Kherson"]
[Date "1990.??.??"]
[Round "?"]
[White "Kruppa, Yuri"]
[Black "Shmuter, Leonid"]
[Result "1/2-1/2"]
[WhiteElo "2485"]
[BlackElo "2405"]

1.e4 c5 2.Nf3 Nc6 3.d4 cxd4 4.Nxd4 Nf6 5.Nc3 d6 6.Bg5 e6 7.Qd2 a6 8.O-O-O h6
9.Be3 Be7 10.f4 Bd7 11.Kb1 b5 12.Bd3 Nxd4 13.Bxd4 Bc6 14.Qe3 b4 15.Bxf6 gxf6
16.Ne2 Qa5 17.Rhf1 Qc5 18.Qg3 Kf8 19.f5 e5 20.Qh4 a5 21.b3 a4 22.Bc4 Qe3
23.Qh5 Rh7 24.Bd5 axb3 25.cxb3 Bb5 26.Qf3 Qxf3 27.gxf3 Rxa2 28.Nc3 Ra5 29.Nxb5 Rxb5
30.Rc1 Rc5  1/2-1/2

[Event "POL-ch Girls U20"]
[Site "Konin"]
[Date "1990.??.??"]
[Round "8"]
[White "Lukasiewicz, Anna"]
[Black "Szafraniec, Izabela"]
[Result "1/2-1/2"]
[WhiteElo "2065"]
[BlackElo "1945"]

1.e4 c5 2.Nf3 Nc6 3.d4 cxd4 4.Nxd4 Nf6 5.Nc3 d6 6.Bg5 Qb6 7.Nb3 e6 8.Qd2 Be7
9.O-O-O O-O 10.Be3 Qd8 11.f3 a6 12.g4 b5 13.g5 Nd7 14.Kb1 Nb6 15.Qg2 Ne5
16.h4 b4 17.Ne2 a5 18.Bc1 Qe8 19.Nd2 d5 20.b3 dxe4 21.Nxe4 Nd5 22.Rxd5 exd5
23.Nf6+ Bxf6 24.gxf6 g6 25.Qg5 Qe6 26.Bb2 Re8 27.Bh3 Qd6 28.Bxc8 Raxc8 29.Qf4 Re6
30.h5 Nd7 31.Qh4 Nf8 32.Nf4 Qc6 33.Nxe6 Qxc2+ 34.Ka1 Nxe6 35.Rc1 Qxc1+ 36.Bxc1 Rxc1+
37.Kb2 Rc3 38.Qg3 Rc8 39.f4 Rc3 40.Qh2 Nc5 41.a3 Rxb3+ 42.Kc2 Rxa3 43.Qh1 Rc3+
44.Kd1 Ne4 45.Qg1 Nxf6 46.h6 Rh3 47.Qd4 Rxh6 48.Qxf6 Rh1+ 49.Ke2 Rh2+ 50.Kd3 b3
51.Qd8+ Kg7 52.Qxa5 b2 53.Qe1 h5 54.Kc3 h4 55.Kb3 h3 56.Qc3+ Kg8 57.Ka2 Rh1
58.Kxb2 h2 59.Qh3 Kg7 60.Qg2 Re1 61.Qxh2 Rf1 62.Kc3 Rd1 63.Qe2 Rh1 64.Kd4 Rh5
65.Kc5 Rf5 66.Kd6 Kg8 67.Qe8+ Kg7 68.Ke7 Rxf4 69.Qf8+ Kh7 70.Qb8 Rf5 71.Kf8 Kh6
72.Qg3 Kh5 73.Kg7 d4 74.Qh2+ Kg4 75.Qg1+ Kf3 76.Qxd4 Ke2 77.Qc3 Kf2 78.Qd3 Kg2
79.Qe3 Kh2 80.Qe4 Kg3 81.Qh1 Kf4 82.Qh3 Ke4 83.Qg3 Kd4 84.Qe1 Kd3 85.Qg3+ Kd4
86.Qe1 Kd3 87.Kf8 Kd4 88.Qe2 Kd5 89.Qd3+ Ke5 90.Ke7 Kf4 91.Kf8 Kg4 92.Qe3 Kh4
93.Qg1 Rf4 94.Kg7 Rf5 95.Qg2 Rf4  1/2-1/2

[Event "Kuala Lumpur zt"]
[Site "Kuala Lumpur"]
[Date "1990.??.??"]
[Round "?"]
[White "Liang Jinrong"]
[Black "Wang Zili"]
[Result "0-1"]
[WhiteElo "2455"]
[BlackElo "2525"]

1.e4 c5 2.Nf3 Nc6 3.d4 cxd4 4.Nxd4 Nf6 5.Nc3 d6 6.Bg5 e6 7.Qd2 a6 8.O-O-O Bd7
9.f3 b5 10.Kb1 h6 11.Nxc6 Bxc6 12.Be3 Qc7 13.Bd3 Be7 14.h4 Bb7 15.Rhe1 Nd7
16.Qf2 Ne5 17.g4 Rc8 18.g5 hxg5 19.hxg5 Rh3 20.f4 Ng4 21.Qg1 Nxe3 22.Rxe3 Rxe3
23.Qxe3 Qc5 24.Qd2 b4 25.Ne2 d5 26.exd5 Bxd5 27.Nc1 a5 28.Re1 g6 29.Qe3 Qxe3
30.Rxe3 Bd6 31.Ne2 Ke7 32.Rh3 Bg2 33.Rh4 Bf1 34.b3 Rc5 35.Nc1 Bg2 36.Ne2 Rd5
37.Nc1 Bf3 38.a4 Bh5 39.Ka2 Rd4 40.Ne2 Bxe2 41.Bxe2 Bxf4 42.Bd3 Be3 43.Rh7 Kf8
44.Rh8+ Kg7 45.Ra8 Rd5 46.Bb5 Rd1  0-1

[Event "Lloyds Bank op"]
[Site "London"]
[Date "1990.??.??"]
[Round "?"]
[White "Ansell, Simon"]
[Black "Grosar, Aljosa"]
[Result "0-1"]
[WhiteElo "2225"]
[BlackElo "2345"]

1.e4 c5 2.Nf3 d6 3.d4 cxd4 4.Nxd4 Nf6 5.Nc3 Nc6 6.Bg5 e6 7.Qd2 a6 8.O-O-O Bd7
9.f4 b5 10.Nxc6 Bxc6 11.Bd3 Be7 12.Kb1 b4 13.Bxf6 Bxf6 14.Ne2 Qb6 15.g4 g5
16.fxg5 Be5 17.Rhf1 a5 18.Rc1 a4 19.c3 bxc3 20.Nxc3 a3 21.b3 Qd4 22.Rfd1 O-O
23.Qe2 Qb4 24.Qe1 Rfb8 25.Rc2 Ba4 26.Nxa4 Qxa4 27.Bc4 Qe8 28.Qe3 Qf8 29.h4 Bh8
30.Kc1 Ra5 31.Qd2 Re5 32.Qxd6 Qxd6 33.Rxd6 Rxe4 34.Rd7 Rxg4 35.Rf2 Rf8 36.Kd2 Be5
37.Ke3 Rxh4 38.Rf3 Rg4 39.Rdxf7 Rxf7 40.Bxe6 Rf4  0-1

[Event "Luxembourg op"]
[Site "Luxembourg"]
[Date "1990.??.??"]
[Round "3"]
[White "Jansa, Vlastimil"]
[Black "Mednis, Edmar John"]
[Result "1/2-1/2"]
[WhiteElo "2475"]
[BlackElo "2440"]

1.e4 c5 2.Nf3 Nc6 3.d4 cxd4 4.Nxd4 Nf6 5.Nc3 d6 6.Bg5 e6 7.Qd2 a6 8.O-O-O Bd7
9.f4 b5 10.Bxf6 gxf6 11.Kb1 Qb6 12.Nxc6 Bxc6 13.Bd3 O-O-O 14.a3 a5 15.Qe2 b4
16.axb4 axb4 17.Na2 Kc7 18.Bc4 Qc5 19.Rhe1 Rb8 20.Bb3 h5 21.Rc1 Qb5 22.Qd2 Kd7
23.c3 bxc3 24.Rxc3 Be7 25.Qc2 Rhc8 26.f5 Ra8 27.fxe6+ fxe6 28.Rc1 Qa6 29.Bc4 Qa7
30.Ra3 Qb7 31.Rb3 Qa7 32.Ra3 Qb7 33.Rxa8 Qxa8 34.Nc3 Qb7 35.Qe2 Rb8 36.Rc2 Qb4
37.Ba2 Ra8 38.Qd3 Ra5 39.Bc4 Re5 40.b3 Qb6 41.Re2 Qg1+ 42.Kb2 Qc5 43.Qd2  1/2-1/2

[Event "Lyon op"]
[Site "Lyon"]
[Date "1990.??.??"]
[Round "?"]
[White "Santo Roman, Marc"]
[Black "Thorsteins, Karl"]
[Result "1-0"]
[WhiteElo "2380"]
[BlackElo "2455"]

1.e4 c5 2.Nf3 Nc6 3.d4 cxd4 4.Nxd4 Nf6 5.Nc3 d6 6.Bg5 e6 7.Qd2 a6 8.O-O-O Bd7
9.Be2 Be7 10.f4 O-O 11.Bf3 h6 12.Bxf6 Bxf6 13.Nxc6 Bxc6 14.Qxd6 Qa5 15.e5 Rfd8
16.Qa3 Qxa3 17.bxa3 Be7 18.Kb2 Bxf3 19.gxf3 Rxd1 20.Rxd1 Rd8 21.Rd3 g5 22.fxg5 hxg5
23.Ne4 Kf8 24.Rxd8+ Bxd8 25.Kc3 Be7 26.Kd4 b6 27.a4 Ke8 28.a5 bxa5 29.Nd6+ Bxd6
30.exd6 f6 31.c4 Kd7 32.c5 Kc6 33.a4 Kd7 34.Ke4 Kc6 35.f4 g4 36.f5 e5 37.Ke3 Kd7
38.Kf2  1-0

[Event "Lyon op"]
[Site "Lyon"]
[Date "1990.??.??"]
[Round "?"]
[White "Iruzubieta, Jesus Maria"]
[Black "Damljanovic, Branko"]
[Result "1/2-1/2"]
[WhiteElo "2255"]
[BlackElo "2535"]

1.e4 c5 2.Nf3 Nc6 3.d4 cxd4 4.Nxd4 Nf6 5.Nc3 d6 6.Bg5 e6 7.Qd2 a6 8.O-O-O Bd7
9.Be2 Be7 10.f4 h6 11.Bh4 Qc7 12.Nb3 b5 13.Bxf6 gxf6 14.Bf3 b4 15.Ne2 a5
16.Nbd4 Nxd4 17.Nxd4 Rb8 18.Kb1 a4 19.Rhe1 Qc5 20.f5 e5 21.Ne2 h5 22.Ng3 h4
23.Nf1 Bc6 24.Ne3 Kd7 25.Nd5 Bxd5 26.Qxd5 Qxd5 27.Rxd5 Bd8 28.Be2 Ke7 29.Rb5 Rxb5
30.Bxb5 Rg8 31.Re2 a3 32.c3 bxc3 33.bxc3 Bb6 34.Kc2 d5 35.exd5 Kd6 36.Bd3 Bg1
37.h3 Rb8 38.Bc4 Bh2 39.Bb3 Bf4 40.Kd3 Rg8 41.Kc4 Bc1 42.Re4 Rxg2 43.Rxh4 Bf4
44.Kb4 Rg8 45.Rg4 Re8 46.Kc4 Rh8 47.h4 Be3 48.Kd3 Bf2 49.Ra4 e4+ 50.Rxe4 Rxh4
51.Re8 Bg3 52.Ra8 Be5 53.Rxa3 Rh3+ 54.Ke4 Rxc3 55.Ra6+ Ke7 56.d6+ Bxd6 57.Bd5 Ra3
58.Rb6 Ra4+ 59.Kd3 Ra7 60.Bb3 Ba3 61.Ke4 Bc5 62.Rc6 Bd6  1/2-1/2

[Event "Lyon zt"]
[Site "Lyon"]
[Date "1990.??.??"]
[Round "5"]
[White "Van der Wiel, John TH"]
[Black "Piket, Jeroen"]
[Result "1/2-1/2"]
[WhiteElo "2550"]
[BlackElo "2495"]

1.e4 c5 2.Nf3 d6 3.d4 cxd4 4.Nxd4 Nf6 5.Nc3 Nc6 6.Bg5 e6 7.Qd2 Be7 8.O-O-O O-O
9.Nb3 a6 10.Bxf6 gxf6 11.h4 b5 12.g4 b4 13.Ne2 Kh8 14.g5 a5 15.Ned4 Nxd4
16.Nxd4 Bd7 17.f4 Rg8 18.Kb1 Rg7 19.Bb5 Rc8 20.Rhf1 fxg5 21.Bxd7 Qxd7 22.f5 e5
23.f6 Bxf6 24.Nf5 gxh4 25.Nxd6 Bg5 26.Qd5 Rf8 27.Qxe5 f6 28.Qxa5 Qa7 29.Qxb4 Rb8
30.Nb5 Qb7 31.a4 h6 32.Rd5 Re7 33.Qd4 Qb6 34.Qc3 Qe3 35.Qxe3 Bxe3 36.Rxf6 Rxe4
37.Rf3 Rg8 38.Nc3 Re6 39.Rd7 Rg7 40.Rd3 Rg3 41.Rf5  1/2-1/2

[Event "Mar del Plata op"]
[Site "Mar del Plata"]
[Date "1990.??.??"]
[Round "?"]
[White "Servat, Roberto"]
[Black "Cifuentes Parada, Roberto"]
[Result "0-1"]
[WhiteElo "2455"]
[BlackElo "2445"]

1.e4 c5 2.Nf3 d6 3.d4 cxd4 4.Nxd4 Nf6 5.Nc3 Nc6 6.Bg5 Bd7 7.Be2 Qa5 8.Bxf6 gxf6
9.O-O Rg8 10.Nd5 Bh3 11.Bf3 Ne5 12.b4 Nxf3+ 13.Qxf3 Bxg2 14.Qg3 Rxg3 15.bxa5 Rg8
16.f3 Bxf1+ 17.Kxf1 Kd8 18.Rb1 e6 19.Nxf6 Rg6 20.Ng4 Rc8 21.Ne3 Rg5  0-1

[Event "Maribor"]
[Site "Maribor"]
[Date "1990.??.??"]
[Round "8"]
[White "Mohr, Georg"]
[Black "Sher, Miron N"]
[Result "1-0"]
[WhiteElo "2460"]
[BlackElo "2485"]

1.e4 c5 2.Nf3 d6 3.d4 Nf6 4.Nc3 cxd4 5.Nxd4 Nc6 6.Bg5 e6 7.Qd2 a6 8.O-O-O Bd7
9.f4 b5 10.Bxf6 gxf6 11.Kb1 Qb6 12.Nce2 Na5 13.b3 Nb7 14.g3 Nc5 15.Bg2 Rc8
16.Rhe1 h5 17.Bf3 b4 18.Nc1 a5 19.h4 a4 20.Re3 Bg7 21.Nde2 Ke7 22.Nd3 axb3
23.cxb3 f5 24.e5 Nxd3 25.Rxd3 d5 26.Nd4 f6 27.Nxf5+ exf5 28.Rxd5 Be8 29.Rd7+ Kf8
30.Rd6 Qc5 31.exf6 Bh6 32.Rd8 Kg8 33.Bxh5 Bxf4 34.Rxe8+  1-0

[Event "Metz op"]
[Site "Metz"]
[Date "1990.??.??"]
[Round "5"]
[White "Sokolowski, Stanislaw"]
[Black "Mednis, Edmar John"]
[Result "1/2-1/2"]
[WhiteElo "2230"]
[BlackElo "2440"]

1.e4 c5 2.Nf3 Nc6 3.d4 cxd4 4.Nxd4 Nf6 5.Nc3 d6 6.Bg5 e6 7.Qd2 a6 8.O-O-O Bd7
9.f4 b6 10.Nxc6 Bxc6 11.Bd3 Be7 12.e5 dxe5 13.fxe5 Nd5 14.Bxe7 Qxe7 15.Be4 O-O
16.Bxd5 exd5 17.Qd4  1/2-1/2

[Event "Metz op"]
[Site "Metz"]
[Date "1990.??.??"]
[Round "7"]
[White "Sokolowski, Stanislaw"]
[Black "Carlier, Bruno"]
[Result "0-1"]
[WhiteElo "2230"]
[BlackElo "2385"]

1.e4 c5 2.Nf3 Nc6 3.d4 cxd4 4.Nxd4 Nf6 5.Nc3 d6 6.Bg5 e6 7.Qd2 h6 8.Bxf6 gxf6
9.O-O-O a6 10.f4 Bd7 11.f5 Ne5 12.Kb1 Qb6 13.Qf4 Be7 14.Be2 Rc8 15.Nb3 h5
16.h4 Kd8 17.g4 hxg4 18.Bxg4 Kc7 19.Nd4 Kb8 20.fxe6 fxe6 21.Rh3 Nxg4 22.Qxg4 Rcg8
23.Qf3 Qc5 24.Rg3 Qe5 25.Rxg8+ Rxg8 26.a3 Be8 27.Qh3 Bh5 28.Rd3 Rg4 29.Qe3 Be8
30.h5 Rh4 31.Nf3 Rh1+ 32.Ka2 Qxh5 33.Qd4 Rh3 34.Ne1 Rh1 35.Re3 Qe5 36.Qc4 d5
37.Qd3 Bg6 38.Nf3 Qc7 39.Qe2  0-1

[Event "Miskolc"]
[Site "Miskolc"]
[Date "1990.??.??"]
[Round "4"]
[White "Dutreeuw, Marc"]
[Black "Ruban, Vadim"]
[Result "0-1"]
[WhiteElo "2405"]
[BlackElo "2555"]

1.e4 c5 2.Nf3 d6 3.d4 cxd4 4.Nxd4 Nf6 5.Nc3 Nc6 6.Bg5 e6 7.Qd2 a6 8.O-O-O h6
9.Bf4 Bd7 10.Bg3 Rc8 11.Be2 Be7 12.Kb1 O-O 13.f4 Nxd4 14.Qxd4 Bc6 15.Bf3 Qa5
16.Be1 Qc7 17.Bf2 b5 18.Rhe1 Rfe8 19.Re2 a5 20.e5 dxe5 21.Qxe5 Bxf3 22.Qxc7 Rxc7
23.gxf3 b4 24.Nb5 Rb7 25.Nd4 Rd8 26.Red2 Rbd7 27.Bh4 a4 28.Rd3 Bc5 29.Bxf6 gxf6
30.Ne2 Rxd3 31.Rxd3 Rb8 32.Kc1 Kh7 33.f5 exf5 34.Rd7 Be3+ 35.Kd1 a3 36.b3 f4
37.c3 bxc3 38.Nxc3 Rg8 39.Rxf7+ Kg6 40.Rd7 Kf5 41.b4 Rg2 42.Rd5+ Ke6 43.h4 Rf2
44.Ra5 Rxf3 45.Rxa3 Rf1+ 46.Ke2 Rf2+ 47.Kd3 Rd2+ 48.Kc4 Rd4+ 49.Kb5 f3 50.Na4 Rd5+
51.Kc4 Re5 52.Nc5+ Bxc5 53.Rxf3 Bd6 54.Rf4 Re2  0-1

[Event "Moscow4"]
[Site "Moscow"]
[Date "1990.??.??"]
[Round "?"]
[White "Garkov, Mitko"]
[Black "Bjerring, Kai"]
[Result "1/2-1/2"]
[WhiteElo "2315"]
[BlackElo "2325"]

1.e4 c5 2.Nf3 d6 3.d4 cxd4 4.Nxd4 Nf6 5.Nc3 Nc6 6.Bg5 e6 7.Qd2 a6 8.O-O-O Bd7
9.Kb1 Nxd4 10.Qxd4 Bc6 11.f4 Be7 12.Be2 Qa5 13.Bf3 O-O 14.Rhe1 Rfd8  1/2-1/2

[Event "Moscow (Women)"]
[Site "Moscow"]
[Date "1990.??.??"]
[Round "?"]
[White "Korkina, Svetlana"]
[Black "Prudnikova, Svetlana"]
[Result "1/2-1/2"]
[WhiteElo "2155"]
[BlackElo "2265"]

1.e4 c5 2.Nf3 Nc6 3.d4 cxd4 4.Nxd4 Nf6 5.Nc3 d6 6.Bg5 e6 7.Qd2 a6 8.O-O-O h6
9.Bf4 Bd7 10.Nxc6 Bxc6 11.Qe1 b5 12.e5 Nd5 13.Nxd5 Bxd5 14.Rxd5 exd5 15.exd6+ Kd7
16.Qb4 Qb6 17.g3 Bxd6 18.Bh3+ Kc7 19.Rd1 g5 20.Qc3+ Qc6 21.Bxd6+ Kxd6 22.Qf6+ Kc5
23.Qd4+ Kd6 24.Bg2 Rad8 25.Bxd5 Qc5 26.Qf6+ Kc7 27.Rd3 b4 28.Qe5+ Kb6 29.Qf6+ Kc7
30.Qe5+ Qd6 31.Qe3 Qb6 32.Qe5+ Qd6 33.Qe3 Qb6 34.Qe5+  1/2-1/2

[Event "New York WFW"]
[Site "New York"]
[Date "1990.??.??"]
[Round "?"]
[White "King, Daniel J"]
[Black "Mednis, Edmar John"]
[Result "1-0"]
[WhiteElo "2560"]
[BlackElo "2450"]

1.e4 c5 2.Nf3 Nc6 3.d4 cxd4 4.Nxd4 Nf6 5.Nc3 d6 6.Bg5 e6 7.Qd2 a6 8.O-O-O Bd7
9.f4 b5 10.Bxf6 gxf6 11.Kb1 Qb6 12.Nce2 Na5 13.b3 Nb7 14.g3 Nc5 15.Bg2 Ra7
16.Qe3 Qc7 17.Rhe1 Bg7 18.Rd2 b4 19.Red1 a5 20.Nc1 O-O 21.Nde2 Ra6 22.g4 f5
23.gxf5 exf5 24.e5 Re8 25.Nd3 Nxd3 26.Qxd3 Qa7 27.Ng3 a4 28.Nh5 Re6 29.Bd5 axb3
30.cxb3 Rg6 31.Bc4 Ra5 32.Nxg7 Kxg7 33.exd6 Qb7 34.Qd4+ Kg8 35.Re1 Qf3 36.Re7 Qc3
37.Bxf7+ Kf8 38.Bxg6  1-0

[Event "New York op"]
[Site "New York"]
[Date "1990.??.??"]
[Round "1"]
[White "Ernst, Thomas"]
[Black "Lerner, Konstantin Z"]
[Result "1/2-1/2"]
[WhiteElo "2440"]
[BlackElo "2560"]

1.e4 c5 2.Nf3 d6 3.d4 cxd4 4.Nxd4 Nf6 5.Nc3 Nc6 6.Bg5 e6 7.Qd2 a6 8.O-O-O h6
9.Bf4 Bd7 10.Nxc6 Bxc6 11.f3 d5 12.Qe1 Bb4 13.a3 Ba5 14.exd5 Nxd5 15.b4 Nxf4
16.Rxd8+ Bxd8 17.h4 O-O 18.Qe3 Nd5 19.Nxd5 Bxd5 20.g4 b5 21.g5 h5 22.Kb2 Be7
23.Bd3 Rfc8 24.Rd1 Rc7 25.Be4 Bxe4 26.fxe4 Rac8 27.Rd2 g6 28.Qf3 Bf8 29.Rd1 Bg7+
30.Kb1  1/2-1/2

[Event "New York op"]
[Site "New York"]
[Date "1990.??.??"]
[Round "4"]
[White "Popovych, Orest"]
[Black "Saidy, Anthony Fred"]
[Result "1/2-1/2"]
[WhiteElo "2275"]
[BlackElo "2380"]

1.e4 c5 2.Nf3 d6 3.d4 Nf6 4.Nc3 cxd4 5.Nxd4 Nc6 6.Bg5 e6 7.Qd2 a6 8.O-O-O h6
9.Be3 Nxd4 10.Qxd4 Bd7 11.Be2 Qc7 12.f4 Bc6 13.Bf3 e5 14.Qd3 Be7 15.Kb1 O-O-O
16.Qc4 Rhf8 17.Qb3 Nd7 18.Bg4 Kb8 19.Bxd7 Rxd7 20.Nd5 Bxd5 21.Rxd5 f6 22.Rhd1 exf4
23.Bxf4 Rc8 24.R1d4 Ka8 25.c4 Qd8 26.Qa4 Qe8 27.b4 Bf8 28.b5 Rdc7 29.Bxd6 Bxd6
30.Rxd6 Kb8 31.R6d5 axb5 32.Rxb5 Qc6 33.Qb4 Re8 34.c5 Re5 35.Rd8+ Rc8 36.Rd6 Qxe4+
37.Qxe4 Rxe4 38.c6 Re7 39.Rxb7+ Rxb7+ 40.cxb7 Re8 41.Rd7 g5 42.Kc2 Re2+ 43.Kb3 Rxg2
44.a4 Rg1 45.Kc4 Rb1 46.Kd5 f5 47.Rh7 Rb6 48.a5 Rxb7  1/2-1/2

[Event "Novi Sad ol (Men)"]
[Site "Novi Sad"]
[Date "1990.??.??"]
[Round "1"]
[White "Sznapik, Aleksander"]
[Black "Wessman, Richard"]
[Result "1-0"]
[WhiteElo "2455"]
[BlackElo "2500"]

1.e4 c5 2.Nf3 Nc6 3.d4 cxd4 4.Nxd4 Nf6 5.Nc3 d6 6.Bg5 e6 7.Qd2 Be7 8.O-O-O O-O
9.f4 Nxd4 10.Qxd4 Qa5 11.Bc4 Bd7 12.e5 dxe5 13.fxe5 Bc6 14.Bd2 Nd7 15.Nd5 Qd8
16.Nxe7+ Qxe7 17.Rhe1 Nb6 18.Bb3 Rfd8 19.Qg4 Qc5 20.c3 Bb5 21.Be3 Rxd1+ 22.Bxd1 Qc4
23.Qxc4 Nxc4 24.Bd4 Na5 25.b3 Nc6 26.Bf2 Rc8 27.Bc2 b6 28.Kb2 Rd8 29.c4 Ba6
30.Kc3 h6 31.b4 Nxb4 32.Be4 Nxa2+ 33.Kb3 Rc8 34.c5 bxc5 35.Kxa2 Bc4+ 36.Kb2 Bd5
37.Kc3 g5 38.Bf3 Kg7 39.Ra1 Rc7 40.Ra5 Bxf3 41.gxf3 Kg6 42.Bxc5 Kf5 43.Kd3 Rd7+
44.Bd6 Kf4 45.Ke2 Rb7 46.Ra4+ Kf5 47.h4 Rb2+ 48.Ke3 Rb3+ 49.Kf2 a6 50.Kg3 Rd3
51.h5 f6 52.Ra5 Rd1 53.exf6+ Kxf6 54.Be5+ Kf7 55.Rxa6 Rh1 56.Ra7+ Kg8 57.Rg7+ Kf8
58.Rg6 Rxh5 59.Rxe6 Rh1 60.Kg2 Rh4 61.Bg3 Rh5 62.Be5 g4 63.f4 Rh3 64.Rc6 h5
65.Rc3 Rxc3 66.Bxc3 Kf7 67.Kg3 Kg6 68.Bd4 Kf5 69.Be3 Ke4 70.Bg1 Kf5 71.Bh2  1-0

[Event "Novi Sad ol (Men)"]
[Site "Novi Sad"]
[Date "1990.??.??"]
[Round "2"]
[White "Perez, JJ."]
[Black "Hracek, Zbynek"]
[Result "0-1"]
[WhiteElo "2240"]
[BlackElo "2475"]

1.e4 c5 2.Nf3 d6 3.d4 cxd4 4.Nxd4 Nf6 5.Nc3 Nc6 6.Bg5 e6 7.Qd2 a6 8.O-O-O h6
9.Bf4 Bd7 10.Nb3 Ne5 11.Bg3 Nh5 12.f4 Nxg3 13.hxg3 Nc6 14.g4 Rg8 15.Kb1 Qc7
16.Rh3 g5 17.f5 Ne5 18.Nd4 Bg7 19.Be2 Rd8 20.f6 Bf8 21.Rdh1 Rg6 22.Nf5 exf5
23.gxf5 Rg8 24.Nd5 Qb8 25.Ne7 Bxe7 26.fxe7 Kxe7 27.f6+ Kxf6 28.Rxh6+ Ke7
29.Qe3 Qc7 30.Qf2 Be6 31.Bd1 Rg6 32.Rh7 Qc4 33.b3 Qxe4 34.Re1 Qb4 35.Rf1 Qc5
36.Qg3 Kd7 37.Bh5 Rgg8 38.Qe1 Kc8 39.Qd2 Rh8 40.Rxh8 Rxh8 41.Be2 Nc6  0-1

[Event "Novi Sad ol (Men)"]
[Site "Novi Sad"]
[Date "1990.??.??"]
[Round "3"]
[White "Solomon, Stephen J"]
[Black "Mirza, Shahzad"]
[Result "1-0"]
[WhiteElo "2440"]
[BlackElo "2275"]

1.e4 c5 2.Nf3 d6 3.d4 cxd4 4.Nxd4 Nf6 5.Nc3 Nc6 6.Bg5 e6 7.Qd2 Bd7 8.Ndb5 Nb4
9.O-O-O Bxb5 10.Bxf6 gxf6 11.Nxb5 Nc6 12.Nxd6+ Bxd6 13.Qxd6 Qxd6 14.Rxd6 Ke7
15.Rd2 Rad8 16.c3 Rhg8 17.g3 Rg5 18.f4 Rgg8 19.Rxd8 Rxd8 20.Be2 Rc8 21.Kd2 Nb8
22.b4 Nd7 23.Kc2 Nb6 24.Kb3 Rc7 25.c4 Rd7 26.c5 Nc8 27.Kc3 Rc7 28.Kd4 Rd7+
29.Ke3 Rc7 30.Rc1 Kd8 31.Bb5 Ne7 32.Rd1+ Kc8 33.Be8 Ng6 34.Rd6 Re7 35.Bb5 Rc7
36.a4 Ne7 37.a5 f5 38.a6 fxe4 39.axb7+ Kb8 40.Kxe4 Rxb7 41.Rd8+ Kc7 42.Rd7+ Kb8
43.Rxb7+ Kxb7 44.Ke5 Nd5 45.Kd6  1-0

[Event "Novi Sad ol (Men)"]
[Site "Novi Sad"]
[Date "1990.??.??"]
[Round "3"]
[White "Garbett, Paul Anthony"]
[Black "Kortschnoj, Viktor"]
[Result "0-1"]
[WhiteElo "2285"]
[BlackElo "2630"]

1.e4 c5 2.Nf3 d6 3.d4 cxd4 4.Nxd4 Nf6 5.Nc3 Nc6 6.Bg5 e6 7.Qd2 Be7 8.O-O-O O-O
9.Nb3 Qb6 10.f3 Rd8 11.Kb1 a6 12.Be3 Qc7 13.Qf2 Nd7 14.g4 b5 15.f4 Rb8 16.Bg2 Nb6
17.Bxb6 Qxb6 18.Qxb6 Rxb6 19.h3 Bd7 20.Rd2 Be8 21.Rhd1 b4 22.Ne2 Rc8 23.Ned4 Nxd4
24.Nxd4 Kf8 25.g5 Rc3 26.Rf2 Rc7 27.h4 a5 28.f5 e5 29.f6 exd4 30.fxe7+ Kxe7
31.Rxd4 Bd7 32.Rd5 Ra7 33.Rd3 Rb5 34.Rdf3 Be6 35.Bh3 Re5 36.Bxe6 Kxe6 37.Rf4 Rc7
38.Kc1 a4 39.Kd2 Rec5 40.Kd1 Re5 41.Kd2 Rb5 42.R4f3 Rbc5 43.Kd1 Rc4 44.h5 Rd4+
45.Kc1 Rc5 46.Rg2 Rxe4 47.h6 gxh6 48.Rf6+ Ke7 49.Rxh6 Re1+ 50.Kd2 Ree5 51.Rg3 Rcd5+
52.Rd3 Rxg5 53.Rxd5 Rxd5+ 54.Ke3 a3 55.Rh4 b3 56.axb3 axb2 57.Rh1 Rc5 58.Kd3 Ra5
59.Rb1 Ra2 60.b4 h5 61.Kc3 h4 62.Kb3 Ra8 63.Kxb2 h3 64.Kc3 Rh8 65.Kd3 h2
66.Rh1 Ke6 67.Ke4 d5+ 68.Kd4 Kd6 69.c3 Rh3 70.b5 Rh4+  0-1

[Event "Novi Sad ol (Men)"]
[Site "Novi Sad"]
[Date "1990.??.??"]
[Round "4"]
[White "Solomon, Stephen J"]
[Black "Greenfeld, Alon"]
[Result "0-1"]
[WhiteElo "2440"]
[BlackElo "2510"]

1.e4 c5 2.Nf3 d6 3.d4 cxd4 4.Nxd4 Nf6 5.Nc3 Nc6 6.Bg5 e6 7.Qd2 Be7 8.O-O-O O-O
9.Nb3 Qb6 10.Be3 Qc7 11.f4 a6 12.Be2 b5 13.Bf3 Nd7 14.Rhe1 Rb8 15.Nd4 Nb6
16.Nxc6 Qxc6 17.Bd4 b4 18.Ne2 Nc4 19.Qd3 e5 20.b3 Be6 21.Ba1 Rfc8 22.Ng3 Na3
23.Rd2 Rb5 24.Nf5 Kf8 25.Bb2 Rc5 26.Bxa3 Rc3 27.Qe2 bxa3 28.Nxe7 Kxe7 29.f5 Rxb3
30.axb3 Qc3 31.Rd3 a2 32.Rxc3 a1=Q+ 33.Kd2 Qxc3+ 34.Kd1 Bxb3 35.Qd2 Qc4 36.Re2 Bxc2+
37.Ke1 Qc5 38.Qg5+ Kf8 39.f6 Qg1+ 40.Kd2 Qd1+ 41.Ke3 Qd4+  0-1

[Event "Novi Sad ol (Men)"]
[Site "Novi Sad"]
[Date "1990.??.??"]
[Round "4"]
[White "Garcia, Gildardo"]
[Black "Lobron, Eric"]
[Result "0-1"]
[WhiteElo "2445"]
[BlackElo "2535"]

1.e4 c5 2.Nf3 d6 3.d4 cxd4 4.Nxd4 Nf6 5.Nc3 Nc6 6.Bg5 e6 7.Qd2 a6 8.O-O-O h6
9.Bf4 Bd7 10.Nxc6 Bxc6 11.Qe1 Be7 12.e5 Nh5 13.Be3 Qc7 14.Be2 g6 15.g4 Bxh1
16.Qxh1 Ng7 17.exd6 Bxd6 18.Qe4 O-O 19.Bxh6 Rfd8 20.f4 Be7 21.Bd3 Bf6 22.Ne2 Qb6
23.b3 Qa5 24.h4 Qxa2 25.Bg5 Qb2+ 26.Kd2 Rd5 27.Ke3 Rad8 28.Rh1 b5 29.Kf3 a5
30.Qe3 Rxd3 31.cxd3 Qxb3 32.d4 Qd5+ 33.Qe4 Ne8 34.Ra1 b4 35.Qxd5 Rxd5 36.Ke3 Bg7
37.Be7 f5 38.g5 Kf7 39.Bf6 Nxf6 40.gxf6 Bxf6 41.Rh1 Rd8 42.Kd3 Rh8 43.Ra1 Bd8  0-1